000
00317nam a2200133Ia 4500
008
230312s9999||||xx |||||||||||||| ||und||
020
_a
0-06-154258-9
082
_a
720.19
_b
HOM
245
0
_a
Home=Small+Modern+Urban
260
_b
Collin Design
_a
Spain
_c
2008
300
_a
250
650
_a
Architecture
942
_c
BK
999
_c
11852
_d
11852